000 00743cam a2200241 a 4500
001 12924215
005 20180214071240.0
008 020910s2002 nyua 001 0 eng
010 _a 2002512225
020 _a0071383409 (pbk.)
035 _a(OCoLC)ocm50211792
040 _aJSY
_cJSY
_dDLC
041 _aeng
042 _alccopycat
080 _a512..076 MIC
082 0 0 _a512..076 MIC
_222
100 _a36
101 _amat
245 0 0 _aPrecalculus :
_cabridgement editor Kimberly S. Kirkpatrick.
906 _a7
_bcbc
_ccopycat
_d3
_encip
_f20
_gy-gencatlg
942 _2ddc
_cBK
999 _c42497
_d42497